Математическое моделирование трубопроводных сетей и систем каналов: методы, модели и алгоритмы; Математическое моделирование трубопроводных сетей и систем каналов: методы, модели и алгоритмы

التفاصيل البيبلوغرافية
المؤلف الرئيسي: Селезнев В. Е. Вадим Евгеньевич
مؤلفون آخرون: Алешин В. В. Владимир Васильевич, Прялов С. Н. Сергей Николаевич
الملخص:В монографии приводится подробное описание базовых методов численного моделирования трубопроводных сетей и систем каналов с открытым руслом (рек). Данные методы положены в основу современных промышленных вычислительных технологий, высокоточных компьютерных симуляторов и компьютерных аналитических систем для научно-обоснованного решения широкого круга технических и технологических проблем проектирования, строительства (включая производство труб) и функционирования промышленных трубопроводных и канальных сетей. Основное внимание в книге уделено разработкам, подтвердившим в последнее десятилетие надежность и эффективность своего практического применения для решения производственных задач. Книга может оказаться полезной научным работникам, аспирантам и преподавателям, занимающимся математическим моделированием, созданием прикладного программно-математического обеспечения и проведением расчетно-аналитических работ для нужд трубопроводного транспорта, трубной промышленности, энергетики и природоохранных организаций. Она может также заинтересовать специалистов, работающих в областях проектирования, строительства и эксплуатации магистральных трубопроводов над решением задач повышения их безопасности, экологичности и экономичности. Материал монографии доступен студентам старших курсов технических вузов.
اللغة:الروسية
منشور في: Москва, МАКС Пресс, 2007
الموضوعات:
التنسيق: كتاب
KOHA link:https://koha.lib.tpu.ru/cgi-bin/koha/opac-detail.pl?biblionumber=124193

MARC

LEADER 00000nam0a2200000 4500
001 124193
005 20231101215844.0
010 |a 9785317020118 
035 |a (RuTPU)RU\TPU\book\134417 
090 |a 124193 
100 |a 20071029d2007 k y0rusy50 ca 
101 0 |a rus 
102 |a RU 
105 |a a z 001zy 
200 1 |a Математическое моделирование трубопроводных сетей и систем каналов: методы, модели и алгоритмы  |f В. Е. Селезнев, В. В. Алешин, С. Н. Прялов 
210 |a Москва  |c МАКС Пресс  |d 2007 
215 |a 694 с.  |c ил. 
320 |a Библиогр.: с. 552-566. 
330 |a В монографии приводится подробное описание базовых методов численного моделирования трубопроводных сетей и систем каналов с открытым руслом (рек). Данные методы положены в основу современных промышленных вычислительных технологий, высокоточных компьютерных симуляторов и компьютерных аналитических систем для научно-обоснованного решения широкого круга технических и технологических проблем проектирования, строительства (включая производство труб) и функционирования промышленных трубопроводных и канальных сетей. Основное внимание в книге уделено разработкам, подтвердившим в последнее десятилетие надежность и эффективность своего практического применения для решения производственных задач. Книга может оказаться полезной научным работникам, аспирантам и преподавателям, занимающимся математическим моделированием, созданием прикладного программно-математического обеспечения и проведением расчетно-аналитических работ для нужд трубопроводного транспорта, трубной промышленности, энергетики и природоохранных организаций. Она может также заинтересовать специалистов, работающих в областях проектирования, строительства и эксплуатации магистральных трубопроводов над решением задач повышения их безопасности, экологичности и экономичности. Материал монографии доступен студентам старших курсов технических вузов. 
421 1 |0 (RuTPU)RU\TPU\book\140551  |t Математическое моделирование трубопроводных сетей и систем каналов: методы, модели и алгоритмы  |f В. Е. Селезнев, В. В. Алешин, С. Н. Прялов  |c Москва  |n МАКС Пресс  |d 2007  |p 1 Мультимедиа CD-ROM  |a Селезнев, Вадим Евгеньевич 
606 |a Трубопроводы  |x Математическое моделирование  |2 stltpush  |3 (RuTPU)RU\TPU\subj\61762  |9 78925 
606 |a Каналы  |x Проектирование  |2 stltpush  |3 (RuTPU)RU\TPU\subj\13703  |9 40274 
610 1 |a трубопроводные сети 
610 1 |a каналы с открытым руслом 
610 1 |a численное моделирование 
610 1 |a транспортирование 
610 1 |a математическое моделирование 
610 1 |a трубопроводные системы 
610 1 |a численный анализ 
610 1 |a аварийные ситуации 
610 1 |a токсическая опасность 
610 1 |a пожаровзрывоопасность 
610 1 |a пожары 
610 1 |a горючие жидкости 
610 1 |a углеводородное топливо 
610 1 |a горение 
610 1 |a огненные шары 
610 1 |a газоперекачивающее оборудование 
610 1 |a разностные модели 
610 1 |a трубы 
610 1 |a напряженно-деформированное состояние 
610 1 |a грунт 
610 1 |a пластичность 
610 1 |a подземные трубопроводы 
610 1 |a коэффициент Шези 
610 1 |a расчеты 
675 |a 621.643.001  |v 3 
675 |a 626.1  |v 3 
700 1 |a Селезнев  |b В. Е.  |g Вадим Евгеньевич 
701 1 |a Алешин  |b В. В.  |g Владимир Васильевич 
701 1 |a Прялов  |b С. Н.  |g Сергей Николаевич 
801 1 |a RU  |b 63413507  |c 20071029  |g PSBO 
801 2 |a RU  |b 63413507  |c 20170907  |g PSBO 
900 |a Повышение надежности трубопроводных систем 
900 |a Механика многофазных сред и математическое моделирование в трубопроводном транспорте 
942 |c BK